000 01127pam a2200325 a 4500
001 1052
005 20230815140717.0
008 940628s1995 nyua j 000 1 eng
020 _a0679863710 (trade) : $2.99
020 _a0679963715 (lib. bdg.) :
_c$9.99
040 _aDLC
_cDLC
_dDLC
_beng
050 0 0 _aPZ7.O81167
_bNi 1995
082 0 0 _a[Fic]
_220
100 1 _aOsborne, Mary Pope
245 1 0 _aNight of the Ninjas /
_cby Mary Pope Osborne ; illustrated by Sal Murdocca.
260 _aNew York :
_bRandom House,
_c1995.
300 _a68 pages :
_billustrations ;
_c20 cm
490 1 _aThe Magic tree house series ;
_vBook 5
500 _a"A First stepping stone book."
505 _aJ
520 _aThe magic tree house takes Jack and Annie back in time to feudal Japan where the siblings learn about the ways of the Ninja.
521 0 _a490
_bLexile
521 0 _aJ
_bRaz-Plus
650 1 _aTime travel
_xFiction.
650 1 _aMagic
_xFiction.
650 1 _aNinja
_xFiction.
700 1 _aMurdocca, Sal
_eillustrator
906 _a7
_bcbc
_corignew
_d1
_eocip
_f19
_gy-gencatlg
942 _2ddc
_cBK
_n0
999 _c1052
_d1052